[Event "SWE-chT2 0708"]
[Site "Sweden"]
[Date "2008.03.07"]
[Round "7"]
[White "Zackrisson, Mattias"]
[Black "Hahlin, Lars Ola"]
[Result "1-0"]
[WhiteElo "2103"]
[BlackElo "2121"]
[PlyCount "125"]
[EventDate "2007.10.20"]
[EventType "team"]
[EventRounds "9"]
[EventCountry "SWE"]
[SourceTitle "EXT 2009"]
[Source "ChessBase"]
[SourceDate "2008.11.26"]
[SourceVersion "1"]
[SourceVersionDate "2008.11.26"]
[SourceQuality "1"]
[WhiteTeam "Lundby"]
[BlackTeam "Passanten"]
[WhiteTeamCountry "SWE"]
[BlackTeamCountry "SWE"]

1. e4 g6 2. h4 Bg7 3. h5 d5 4. exd5 Qxd5 5. Nc3 Qe5+ 6. Qe2 Nc6 7. Qxe5 Bxe5 8. Nf3 Bd6 9. hxg6 fxg6 10. Bc4 Nf6 11. d3 Na5 12. Bb5+ Bd7 13. Bxd7+ Kxd7 14. Ng5 h5 15. Be3 Nc6 16. Nce4 Raf8 17. Nc5+ Bxc5 18. Bxc5 b6 19. Be3 Ng4 20. Ke2 Rf5 21. Ne4 Rhf8 22. c3 Nce5 23. Raf1 Nxe3 24. Kxe3 Ng4+ 25. Ke2 Rb5 26. b3 Rbf5 27. f3 Nf6 28. Nxf6+ exf6 29. d4 Re8+ 30. Kd3 Rg5 31. Rf2 Rg3 32. Rh4 Re1 33. Re4 Rxe4 34. Kxe4 h4 35. c4 Kd6 36. b4 Ke6 37. d5+ Kd6 38. Kd4 Rg5 39. c5+ Kd7 40. Re2 c6 41. d6 Rd5+ 42. Kc4 b5+ 43. Kc3 a5 44. a3 axb4+ 45. axb4 Kd8 46. Re4 Rh5 47. Rf4 f5 48. Kd4 h3 49. gxh3 Rxh3 50. Ke5 Kd7 51. Kf6 Rg3 52. Kf7 g5 53. Rxf5 g4 54. f4 Rf3 55. Kf6 g3 56. Ke5 Re3+ 57. Kd4 Rb3 58. Rf7+ Kd8 59. Rg7 Rxb4+ 60. Ke5 Rb3 61. f5 b4 62. f6 Rf3 63. f7 1-0